[Event "Wch U18 Girls blitz"]
[Site "Terme Catez"]
[Date "2024.12.16"]
[Round "12"]
[White "Bochnickova, Simona"]
[Black "Chuchukova, Stefani"]
[Result "1-0"]
[WhiteElo "1881"]
[BlackElo "1973"]
[PlyCount "75"]
[EventDate "2024.12.16"]
[EventType "swiss (blitz)"]
[EventRounds "22"]
[EventCountry "SLO"]
[SourceTitle "CB51_2024"]
[SourceDate "2024.12.18"]
[SourceVersion "1"]
[SourceVersionDate "2024.12.18"]
[SourceQuality "1"]

1. e4 e6 2. d4 d5 3. exd5 exd5 4. Bd3 Nf6 5. Nf3 c6 6. 0-0 Be7 7. c3 0-0 8. h3 Nbd7 9. Re1 Re8 10. Bf4 Nf8 11. Ne5 Ne6 12. Bh2 Bd6 13. Nd2 h6 14. Ndf3 Qc7 15. Qc2 b6 16. Re2 c5 17. Rae1 Bb7 18. Bf5 Nf8 19. Qd2 Ne4 20. Bxe4 dxe4 21. Nh4 Red8 22. Nf5 Ba6 23. Rxe4 cxd4 24. cxd4 Qb7 25. Rg4 Ng6 26. Nxg6 Bxh2+ 27. Kxh2 fxg6 28. Rxg6 Qc7+ 29. Kh1 Kh7 30. Rxg7+ Qxg7 31. Nxg7 Kxg7 32. Re7+ Kf6 33. Qe3 Rd5 34. Qe6+ Kg5 35. Qxd5+ Kf6 36. Qe5+ Kg6 37. g4 Rf8 38. Qg7# 1-0

[Event "Wch U18 Girls blitz"]
[Site "Terme Catez"]
[Date "2024.12.16"]
[Round "8"]
[White "Chuchukova, Stefani"]
[Black "Dorokhina, Elizaveta"]
[Result "0-1"]
[WhiteElo "1973"]
[BlackElo "2005"]
[PlyCount "92"]
[EventDate "2024.12.16"]
[EventType "swiss (blitz)"]
[EventRounds "22"]
[EventCountry "SLO"]
[SourceTitle "CB51_2024"]
[SourceDate "2024.12.18"]
[SourceVersion "1"]
[SourceVersionDate "2024.12.18"]
[SourceQuality "1"]

1. d4 e6 2. c4 Nf6 3. Nc3 d5 4. cxd5 exd5 5. Bg5 Be7 6. e3 c6 7. Qc2 h6 8. Bh4 0-0 9. Bd3 Re8 10. Nf3 Ne4 11. Bxe7 Qxe7 12. 0-0 Nd7 13. Rab1 a5 14. a3 Ndf6 15. b4 axb4 16. axb4 Nxc3 17. Qxc3 Ne4 18. Qc2 Ng5 19. Nxg5 Qxg5 20. Rfc1 Bh3 21. g3 Qf6 22. b5 Qf3 23. Bf1 Bf5 24. Bd3 Bd7 25. bxc6 bxc6 26. Rb2 Ra3 27. Be2 Qf6 28. Kg2 Rea8 29. Rb7 Qe6 30. Rcb1 Qh3+ 31. Kg1 Bf5 32. Qxc6 Bxb1 33. Rxb1 Ra1 34. Bd3 Rxb1+ 35. Bxb1 Qc8 36. Qxd5 Ra1 37. Qe4 Qc1+ 38. Kg2 Qxb1 39. Qe8+ Kh7 40. Qxf7 Qh1+ 41. Kh3 Qe4 42. d5 Ra6 43. g4 Rf6 44. Qd7 Qf3+ 45. Kh4 Qxf2+ 46. Kh3 Rf3# 0-1

[Event "Wch U18 Girls blitz"]
[Site "Terme Catez"]
[Date "2024.12.16"]
[Round "20"]
[White "Chuchukova, Stefani"]
[Black "Kairbekova, Amina"]
[Result "1-0"]
[WhiteElo "1973"]
[BlackElo "2144"]
[PlyCount "62"]
[EventDate "2024.12.16"]
[EventType "swiss (blitz)"]
[EventRounds "22"]
[EventCountry "SLO"]
[SourceTitle "CB51_2024"]
[SourceDate "2024.12.18"]
[SourceVersion "1"]
[SourceVersionDate "2024.12.18"]
[SourceQuality "1"]

1. e4 c5 2. d4 cxd4 3. Qxd4 Nc6 4. Qd3 d6 5. Nc3 Nf6 6. Nf3 g6 7. Be2 Bg7 8. 0-0 0-0 9. Bg5 Nd7 10. Rad1 Nc5 11. Qe3 Bd7 12. h4 Ne6 13. Bh6 Qb6 14. Qc1 Ned4 15. Nxd4 Nxd4 16. Bc4 Qc5 17. Bd3 Bg4 18. Rde1 Qh5 19. Bxg7 Kxg7 20. f3 Bxf3 21. Qe3 Qg4 22. Qxd4+ e5 23. Qf2 Bxg2 24. Qxg2 Qxh4 25. Re3 f5 26. exf5 Qd4 27. Nd1 d5 28. c3 Qc5 29. fxg6 h6 30. b4 Qc6 31. Rxe5 Rxf1+ 1-0

[Event "Wch U18 Girls blitz"]
[Site "Terme Catez"]
[Date "2024.12.16"]
[Round "17"]
[White "Chuchukova, Stefani"]
[Black "Shuqja, Klean"]
[Result "1-0"]
[WhiteElo "1973"]
[BlackElo "2002"]
[PlyCount "100"]
[EventDate "2024.12.16"]
[EventType "swiss (blitz)"]
[EventRounds "22"]
[EventCountry "SLO"]
[SourceTitle "CB51_2024"]
[SourceDate "2024.12.18"]
[SourceVersion "1"]
[SourceVersionDate "2024.12.18"]
[SourceQuality "1"]

1. e4 d5 2. exd5 Qxd5 3. Nc3 Qd8 4. d4 Nf6 5. Nf3 Bg4 6. Be2 c6 7. Be3 e6 8. 0-0 Be7 9. h3 Bxf3 10. Bxf3 0-0 11. Qd2 Nbd7 12. a3 Nb6 13. Qe2 Nbd5 14. Bd2 Qc7 15. Ne4 Nxe4 16. Bxe4 Nf6 17. Bd3 Rfd8 18. c3 Qd6 19. Bc2 c5 20. Be3 Qc6 21. dxc5 Bxc5 22. Bg5 Be7 23. Rfe1 Rac8 24. Be3 Bc5 25. Bg5 Be7 26. Qe3 a6 27. Qg3 Qc7 28. Qh4 h6 29. Bf4 Qc5 30. Re5 Rd5 31. Rxd5 Nxd5 32. Qg3 Nxf4 33. Qxf4 Bf6 34. Rd1 Qc6 35. Qb4 b5 36. Rd6 Qb7 37. Be4 Qa7 38. Rd2 Be7 39. Qb3 Qc7 40. Qd1 Bg5 41. Rd7 Qc5 42. Qf3 Rf8 43. Qd3 a5 44. Rb7 Qe5 45. Rxb5 Qf4 46. g3 Qc1+ 47. Kg2 Rd8 48. Qf3 g6 49. Rb7 f5 50. h4 Bf6 1-0

[Event "Wch U18 Girls blitz"]
[Site "Terme Catez"]
[Date "2024.12.16"]
[Round "22"]
[White "Popandopulo, Kristina"]
[Black "Chuchukova, Stefani"]
[Result "0-1"]
[WhiteElo "1828"]
[BlackElo "1973"]
[PlyCount "66"]
[EventDate "2024.12.16"]
[EventType "swiss (blitz)"]
[EventRounds "22"]
[EventCountry "SLO"]
[SourceTitle "CB51_2024"]
[SourceDate "2024.12.18"]
[SourceVersion "1"]
[SourceVersionDate "2024.12.18"]
[SourceQuality "1"]

1. d4 Nc6 2. d5 Ne5 3. f4 Ng6 4. e4 e6 5. dxe6 fxe6 6. Nf3 Nf6 7. Bd3 Bc5 8. h3 0-0 9. g4 d5 10. e5 Nd7 11. Bxg6 hxg6 12. Qd3 Qe8 13. Bd2 a5 14. Nc3 b6 15. Ng5 Ba6 16. Qg3 Rf7 17. Qh4 Nf8 18. Nxf7 Qxf7 19. 0-0-0 a4 20. Qg3 a3 21. b3 Qd7 22. Be3 d4 23. Ne4 Qc6 24. Nxc5 bxc5 25. Bd2 c4 26. Kb1 Nd7 27. f5 cxb3 28. cxb3 Qe4+ 29. Ka1 Nxe5 30. Rhe1 Qc2 31. Bc1 Nd3 32. Rxd3 Bxd3 33. Qe5 Qb1# 0-1

[Event "Wch U18 Girls blitz"]
[Site "Terme Catez"]
[Date "2024.12.16"]
[Round "18"]
[White "Shuqja, Klean"]
[Black "Chuchukova, Stefani"]
[Result "0-1"]
[WhiteElo "2002"]
[BlackElo "1973"]
[PlyCount "116"]
[EventDate "2024.12.16"]
[EventType "swiss (blitz)"]
[EventRounds "22"]
[EventCountry "SLO"]
[SourceTitle "CB51_2024"]
[SourceDate "2024.12.18"]
[SourceVersion "1"]
[SourceVersionDate "2024.12.18"]
[SourceQuality "1"]

1. e4 Nc6 2. d4 e5 3. d5 Nce7 4. Nf3 d6 5. g3 f5 6. exf5 Bxf5 7. Bg2 Nf6 8. c4 g6 9. 0-0 Bg7 10. h3 0-0 11. g4 Bd7 12. Nc3 a6 13. b4 b6 14. Be3 h5 15. g5 Ne8 16. c5 bxc5 17. bxc5 Qc8 18. h4 e4 19. Nd4 Bg4 20. Qd2 dxc5 21. Ne6 Bf3 22. Bxc5 Nd6 23. Bxd6 cxd6 24. Rac1 Qd7 25. Nxe4 Bxg2 26. Kxg2 Rf5 27. Rc7 Qa4 28. Ng3 Rxd5 29. Qf4 Qe8 30. Re1 Be5 31. Qf3 Rc8 32. Rxe7 Qxe7 33. Qxd5 Qf7 34. f4 Rc2+ 35. Kh3 Bc3 36. Qa8+ Kh7 37. Re3 Bd2 38. Re2 Rxa2 39. Nf8+ Kg7 40. Ne6+ Kh7 41. Qd5 Bxf4 42. Rxa2 Be5 43. Re2 Bh8 44. Qe4 Qd7 45. Kh2 d5 46. Qd3 Qf7 47. Qe3 a5 48. Rf2 Qe7 49. Re2 Qf7 50. Nd4 Bg7 51. Ne6 Bh8 52. Rf2 Qb7 53. Nf8+ Kg7 54. Qd4+ Kg8 55. Ne6 Bxd4 56. Rf8+ Kh7 57. Re8 Bg7 58. Nd8 Qd7 0-1

[Event "Wch U18 Girls blitz"]
[Site "Terme Catez"]
[Date "2024.12.16"]
[Round "10"]
[White "Tokarz, Izabela"]
[Black "Chuchukova, Stefani"]
[Result "0-1"]
[WhiteElo "1959"]
[BlackElo "1973"]
[PlyCount "94"]
[EventDate "2024.12.16"]
[EventType "swiss (blitz)"]
[EventRounds "22"]
[EventCountry "SLO"]
[SourceTitle "CB51_2024"]
[SourceDate "2024.12.18"]
[SourceVersion "1"]
[SourceVersionDate "2024.12.18"]
[SourceQuality "1"]

1. d4 c5 2. d5 Nf6 3. Nc3 e5 4. dxe6 fxe6 5. e4 d5 6. Bg5 Be7 7. e5 Nfd7 8. Bf4 0-0 9. Qd2 a6 10. a4 Nc6 11. Nf3 Rb8 12. Be2 Qe8 13. 0-0 Kh8 14. Bg3 Bd8 15. Rad1 Bc7 16. Qg5 Rf5 17. Qd2 Ndxe5 18. Nh4 Rf8 19. f4 Nf7 20. f5 Bxg3 21. hxg3 d4 22. Ne4 b6 23. f6 g6 24. Bf3 Bb7 25. Rde1 Nce5 26. Ng5 Nxf3+ 27. Nhxf3 Nxg5 28. Nxg5 e5 29. Qe2 Qc6 30. Rf2 Rbe8 31. Qg4 Rxf6 32. Qh4 h5 33. Ree2 Ref8 34. Rxf6 Qxf6 35. Kh2 Qf1 36. Rd2 Qe1 37. Ne4 Qxe4 38. Qe7 Kg8 39. Qe6+ Kg7 40. Qe7+ Rf7 41. Qe6 Qd5 42. Qe8 e4 43. Qb8 e3 44. Re2 c4 45. b3 cxb3 46. cxb3 d3 47. Rb2 e2 0-1

[Event "Wch U18 Girls rapid"]
[Site "Terme Catez"]
[Date "2024.12.15"]
[Round "10"]
[White "Chuchukova, Stefani"]
[Black "Lukac, Ema"]
[Result "1-0"]
[WhiteElo "1868"]
[BlackElo "1603"]
[PlyCount "87"]
[EventDate "2024.12.14"]
[EventType "swiss (rapid)"]
[EventRounds "11"]
[EventCountry "SLO"]
[SourceTitle "CB51_2024"]
[SourceDate "2024.12.18"]
[SourceVersion "1"]
[SourceVersionDate "2024.12.18"]
[SourceQuality "1"]

1. d4 d5 2. Bg5 Nf6 3. Bxf6 exf6 4. e3 Bd6 5. c4 dxc4 6. Bxc4 Nc6 7. Nc3 0-0 8. a3 Ne7 9. Nge2 Ng6 10. b4 c6 11. Nc1 Be6 12. Bxe6 fxe6 13. Qb3 Re8 14. 0-0 Kh8 15. g3 e5 16. d5 Rc8 17. Rd1 Qc7 18. N1e2 cxd5 19. Nxd5 Qc2 20. Qxc2 Rxc2 21. Kf1 Rd8 22. Rd3 Rcc8 23. Rad1 Bf8 24. e4 Ne7 25. Nec3 Nxd5 26. Nxd5 Re8 27. Ne3 Kg8 28. Rd7 Re7 29. Rxe7 Bxe7 30. Rd7 Kf8 31. Rxb7 Ra8 32. Nf5 Bd8 33. Rxg7 h5 34. Rh7 Kg8 35. Rxh5 a5 36. b5 a4 37. f4 Bc7 38. Ne7+ Kf7 39. Rh7+ Ke6 40. f5+ Kd6 41. Nd5 Rc8 42. Nxc7 Rxc7 43. Rxc7 Kxc7 44. h4 1-0

[Event "Wch U18 Girls rapid"]
[Site "Terme Catez"]
[Date "2024.12.15"]
[Round "9"]
[White "Mihaljevic, Eva"]
[Black "Chuchukova, Stefani"]
[Result "1/2-1/2"]
[WhiteElo "2028"]
[BlackElo "1868"]
[PlyCount "198"]
[EventDate "2024.12.14"]
[EventType "swiss (rapid)"]
[EventRounds "11"]
[EventCountry "SLO"]
[SourceTitle "CB51_2024"]
[SourceDate "2024.12.18"]
[SourceVersion "1"]
[SourceVersionDate "2024.12.18"]
[SourceQuality "1"]

1. e4 Nc6 2. d4 e5 3. Nf3 exd4 4. Nxd4 Bc5 5. Be3 Qf6 6. c3 Nge7 7. Be2 d5 8. Bf3 Ne5 9. Nc2 Nxf3+ 10. Qxf3 Qxf3 11. gxf3 Bd6 12. Nd4 c6 13. Nd2 f5 14. Bg5 dxe4 15. fxe4 0-0 16. Nc4 Bc5 17. Nb3 h6 18. Nxc5 hxg5 19. e5 b6 20. Nb3 Ng6 21. 0-0-0 Be6 22. Rd6 Bxc4 23. Rxg6 g4 24. Re1 Bd5 25. Rd6 Rad8 26. Nd4 Rxd6 27. exd6 Be4 28. Ne6 Rf7 29. Ng5 Rd7 30. Nxe4 fxe4 31. Rxe4 Rxd6 32. Rxg4 Kf7 33. Rf4+ Ke6 34. h4 Rd8 35. Kc2 g6 36. Rg4 Kf5 37. Rg5+ Kf6 38. a4 Rh8 39. Rg4 Kf5 40. Rd4 Rh7 41. b4 Re7 42. Kd3 Rh7 43. Rd6 Rc7 44. Kc4 a6 45. a5 bxa5 46. bxa5 Rh7 47. Rd4 Rb7 48. Rd6 Rb5 49. Rxc6 Rxa5 50. Kb4 Ra2 51. c4 a5+ 52. Kb5 a4 53. Ra6 a3 54. c5 Rb2+ 55. Kc6 a2 56. Kc7 Rc2 57. c6 Kg4 58. Ra4+ Kf5 59. Kd7 Rd2+ 60. Kc8 Ke6 61. c7 Rc2 62. Kb8 Rb2+ 63. Ka7 Kd7 64. f4 Kxc7 65. Ka6 Kd6 66. Ka5 Kc5 67. Ka6 Kd5 68. Ka5 Kc6 69. Rc4+ Kd6 70. Ra4 Ke6 71. Ka6 Kf5 72. Ka7 Rf2 73. Kb6 Rxf4 74. Rxa2 Rxh4 75. Kc5 Re4 76. Kd5 Re1 77. Ra8 g5 78. Kd4 Kg4 79. Rg8 Kh4 80. Rh8+ Kg3 81. Kd3 g4 82. Kd2 Re7 83. Rg8 Kh3 84. Rh8+ Kg2 85. Rg8 g3 86. Rh8 Kf1 87. Rf8+ Kg1 88. Rg8 g2 89. Rh8 Re6 90. Rh7 Ra6 91. Ke2 Ra1 92. Rg7 Ra2+ 93. Ke3 Rf2 94. Rd7 Rf6 95. Ke2 Re6+ 96. Kf3 Re1 97. Rd2 Kf1 98. Rxg2 Re3+ 99. Kxe3 Kxg2 1/2-1/2

[Event "Wch U18 Girls rapid"]
[Site "Terme Catez"]
[Date "2024.12.14"]
[Round "5"]
[White "Chuchukova, Stefani"]
[Black "Bochnickova, Simona"]
[Result "0-1"]
[WhiteElo "1868"]
[BlackElo "2157"]
[PlyCount "116"]
[EventDate "2024.12.14"]
[EventType "swiss (rapid)"]
[EventRounds "11"]
[EventCountry "SLO"]
[SourceTitle "CB51_2024"]
[SourceDate "2024.12.18"]
[SourceVersion "1"]
[SourceVersionDate "2024.12.18"]
[SourceQuality "1"]

1. d4 Nf6 2. c4 c5 3. d5 b5 4. cxb5 a6 5. bxa6 g6 6. Nc3 Bg7 7. e4 0-0 8. e5 Ne8 9. f4 d6 10. Nf3 Nd7 11. Qe2 Bxa6 12. Qe3 Nc7 13. Bxa6 Rxa6 14. 0-0 Nb6 15. Qd3 Qa8 16. exd6 exd6 17. Rd1 Na4 18. a3 Rb8 19. Rd2 Nxc3 20. bxc3 Rb3 21. Bb2 Qb7 22. Ra2 Ra4 23. g3 Nb5 24. Rc2 Nd4 25. Rf2 Qxd5 26. Qf1 Nxf3+ 27. Rxf3 Bd4+ 28. Kg2 Bg7 29. c4 Rxc4 30. Bxg7 Kxg7 31. Qa1+ Rcc3 32. Raf2 Kg8 33. Qf1 Rxf3 34. Rxf3 Rxa3 35. f5 Qxf3+ 36. Qxf3 Rxf3 37. Kxf3 Kg7 38. Ke4 Kf6 39. fxg6 hxg6 40. Kd5 Kg5 41. h3 f5 42. Kc4 f4 43. gxf4+ Kxf4 44. Kd5 Kg3 45. Kxd6 c4 46. Ke5 c3 47. Kf6 c2 48. Kxg6 c1Q 49. Kh5 Qf4 50. Kg6 Qe5 51. Kh6 Qf5 52. Kg7 Qe6 53. Kh7 Qf6 54. Kg8 Qe7 55. h4 Kxh4 56. Kh8 Kg5 57. Kg8 Kh6 58. Kh8 Qg7# 0-1

[Event "EU-ch Rapid"]
[Site "Skopje"]
[Date "2024.12.07"]
[Round "1"]
[White "Chuchukova, Stefani"]
[Black "Pichot, Alan"]
[Result "0-1"]
[WhiteElo "1868"]
[BlackElo "2637"]
[PlyCount "50"]
[EventDate "2024.12.07"]
[EventType "swiss (rapid)"]
[EventRounds "11"]
[EventCountry "MKD"]
[SourceTitle "CB50_2024"]
[SourceDate "2024.11.01"]
[SourceVersion "1"]
[SourceVersionDate "2024.11.01"]
[SourceQuality "2"]

1. e4 c5 2. d4 cxd4 3. Qxd4 Nc6 4. Qd3 Nf6 5. Nc3 d6 6. Nf3 g6 7. b3 Bg7 8. Bb2 0-0 9. Be2 Qa5 10. Nd2 Nb4 11. Qg3 Nxc2+ 12. Kd1 Nxa1 13. Bxa1 Be6 14. h4 Rac8 15. Bc4 Nh5 16. Qf3 b5 17. g4 bxc4 18. gxh5 cxb3 19. Nd5 Bxd5 20. Bxg7 Kxg7 21. h6+ Kg8 22. exd5 bxa2 23. Re1 a1Q+ 24. Ke2 Qe5+ 25. Kf1 Qaxd5 0-1

[Event "EU-ch U18 Girls"]
[Site "Prague"]
[Date "2024.08.25"]
[Round "4"]
[White "Sevcikova, Lucia"]
[Black "Chuchukova, Stefani"]
[Result "1-0"]
[WhiteElo "2103"]
[BlackElo "1858"]
[PlyCount "71"]
[EventDate "2024.08.22"]
[EventType "swiss"]
[EventRounds "9"]
[EventCountry "CZE"]
[SourceTitle "CBM 221 Extra"]
[Source "ChessBase"]
[SourceDate "2024.09.30"]
[SourceVersion "1"]
[SourceVersionDate "2024.09.30"]
[SourceQuality "1"]

1. d4 Nf6 2. c4 e6 3. Nc3 Bb4 4. Nf3 0-0 5. Bg5 d5 6. e3 h6 7. Bh4 Nbd7 8. cxd5 exd5 9. Bd3 c6 10. 0-0 Re8 11. Qc2 Be7 12. Bg3 Nf8 13. h3 Ne6 14. Rab1 a5 15. Na4 b5 16. Nc3 Qb6 17. Ne5 Ba6 18. Rfd1 Rec8 19. Bf5 c5 20. Nxd5 Nxd5 21. Bh7+ Kf8 22. Nd7+ Ke8 23. Nxb6 Nxb6 24. d5 Nf8 25. Bf5 Nfd7 26. e4 g6 27. Bxd7+ Nxd7 28. e5 c4 29. d6 Bd8 30. e6 fxe6 31. Qxg6+ Kf8 32. Bf4 Bg5 33. Bxg5 hxg5 34. Qxg5 Ra7 35. Qe7+ Kg8 36. Rd4 1-0

[Event "Plovdiv Vanev Memorial 4th"]
[Site "Plovdiv"]
[Date "2024.08.17"]
[Round "3"]
[White "Chuchukova, Stefani"]
[Black "Georgiev, Todor"]
[Result "0-1"]
[WhiteElo "1858"]
[BlackElo "2253"]
[PlyCount "78"]
[EventDate "2024.08.17"]
[EventType "swiss (rapid)"]
[EventRounds "9"]
[EventCountry "BUL"]
[SourceTitle "CBM 221 Extra"]
[Source "ChessBase"]
[SourceDate "2024.09.30"]
[SourceVersion "1"]
[SourceVersionDate "2024.09.30"]
[SourceQuality "1"]

1. e4 g6 2. d4 Bg7 3. Be2 c6 4. h4 d5 5. e5 h5 6. Nf3 Bg4 7. c3 Nh6 8. Ng5 Bxe2 9. Qxe2 e6 10. Na3 Qa5 11. Nc2 Nf5 12. a4 c5 13. b4 cxb4 14. cxb4 Qc7 15. g3 Qc3+ 16. Bd2 Qxc2 17. Rc1 Qxa4 18. Rc7 Nd7 19. 0-0 0-0 20. Qd3 Rac8 21. Rxb7 Nb6 22. Bc3 Qb3 23. Rc1 Na4 24. Rxa7 Rxc3 25. Rxc3 Qxc3 26. Qb5 Qc1+ 27. Kg2 Nc3 28. Qd7 Nxd4 29. Nxf7 Qd2 30. Nh6+ Qxh6 31. f4 Nd1 32. b5 Ne3+ 33. Kf2 Ng4+ 34. Kg2 Nxe5 35. fxe5 Bxe5 36. Ra4 Qd2+ 37. Kg1 Qe1+ 38. Kg2 Rf2+ 39. Kh3 Qh1# 0-1

[Event "Bucharest Grand Prix op"]
[Site "Bucharest"]
[Date "2024.03.24"]
[Round "6"]
[White "Chuchukova, Stefani"]
[Black "Ghimpu, Samuel Timotei"]
[Result "0-1"]
[WhiteElo "1883"]
[BlackElo "2467"]
[PlyCount "70"]
[EventDate "2024.03.23"]
[EventType "swiss (rapid)"]
[EventRounds "10"]
[EventCountry "ROU"]
[SourceTitle "CBM 219 Extra"]
[Source "ChessBase"]
[SourceDate "2024.05.31"]
[SourceVersion "1"]
[SourceVersionDate "2024.05.31"]
[SourceQuality "1"]

1. d4 Nf6 2. Bg5 d5 3. Bxf6 gxf6 4. c4 e5 5. dxe5 d4 6. Nf3 Nc6 7. exf6 Qxf6 8. Nbd2 Bf5 9. a3 0-0-0 10. g3 Re8 11. Nb3 Bg4 12. Ng1 Bg7 13. Bh3 h5 14. Qd3 Ne5 15. Qxd4 Nf3+ 16. Nxf3 Qxf3 17. Bxg4+ hxg4 18. 0-0-0 Bxd4 19. exf3 Bxf2 20. fxg4 Re2 21. Kb1 b6 22. Nc1 Re4 23. Nd3 Bd4 24. Nf4 c5 25. Rdf1 Re3 26. Nd5 Rb3 27. Rxf7 Rxb2+ 28. Kc1 Re8 29. Rxa7 Ree2 30. Rf1 Rbc2+ 31. Kd1 Red2+ 32. Ke1 Bf2+ 33. Rxf2 Rxf2 34. h4 Rh2 35. Kd1 Ra2 0-1

[Event "Swiss Queens Wed #8"]
[Site "FIDE Online Arena INT"]
[Date "2024.03.20"]
[Round "7"]
[White "Chuchukova, Stefani"]
[Black "Farhat, Salam"]
[Result "1-0"]
[WhiteElo "1883"]
[BlackElo "1855"]
[PlyCount "71"]
[EventDate "2024.03.20"]
[EventType "swiss (blitz)"]
[EventRounds "11"]
[EventCountry "NET"]
[SourceTitle "CBM 219 Extra"]
[Source "ChessBase"]
[SourceDate "2024.05.31"]
[SourceVersion "1"]
[SourceVersionDate "2024.05.31"]
[SourceQuality "1"]

1. d4 d5 2. Bg5 h6 3. Bf4 Nf6 4. Nf3 e6 5. Nbd2 Bd6 6. Bg3 0-0 7. e3 Nbd7 8. c4 c5 9. Bxd6 cxd4 10. Bxf8 Qxf8 11. Nxd4 dxc4 12. Bxc4 Ne5 13. 0-0 Qb4 14. Bb3 Nd3 15. Nc4 Nc5 16. Rc1 Nxb3 17. Qxb3 Qe7 18. Rfd1 a6 19. Nb6 Rb8 20. Nxc8 Qe8 21. Nd6 Qe7 22. Nf3 Nd5 23. Nc4 b5 24. Nce5 Nb6 25. Nc6 Qb7 26. Nxb8 Qxb8 27. h4 Nd5 28. e4 Nf4 29. Qe3 Ng6 30. h5 Ne7 31. Rd7 Qe8 32. Rcc7 Kf8 33. Rxe7 Qxe7 34. Rxe7 Kxe7 35. Qa7+ Kf6 36. g4 1-0

[Event "Swiss Queens Wed #7"]
[Site "FIDE Online Arena INT"]
[Date "2024.03.13"]
[Round "1"]
[White "Kanyamarala, Trisha"]
[Black "Chuchukova, Stefani"]
[Result "1-0"]
[WhiteElo "2294"]
[BlackElo "1883"]
[PlyCount "41"]
[EventDate "2024.03.13"]
[EventType "swiss (blitz)"]
[EventRounds "11"]
[EventCountry "NET"]
[SourceTitle "CBM 219 Extra"]
[Source "ChessBase"]
[SourceDate "2024.05.31"]
[SourceVersion "1"]
[SourceVersionDate "2024.05.31"]
[SourceQuality "1"]

1. c4 Nf6 2. Nc3 d5 3. cxd5 Nxd5 4. e4 Nb6 5. d4 e6 6. Nf3 c5 7. Be2 Nc6 8. Be3 cxd4 9. Nxd4 Nxd4 10. Bxd4 Bd7 11. 0-0 Rc8 12. Rc1 Qg5 13. Be3 Qg6 14. Nb5 Rxc1 15. Qxc1 Nc8 16. Nc7+ Kd8 17. Rd1 Bd6 18. Nb5 Ke7 19. Nxd6 Nxd6 20. Qd2 e5 21. Bc5 1-0

[Event "Swiss Queens Wed #5"]
[Site "FIDE Online Arena INT"]
[Date "2024.02.28"]
[Round "4"]
[White "Ambartsumova, Karina"]
[Black "Chuchukova, Stefani"]
[Result "1-0"]
[WhiteElo "2418"]
[BlackElo "1805"]
[PlyCount "57"]
[EventDate "2024.02.28"]
[EventType "swiss (blitz)"]
[EventRounds "11"]
[EventCountry "NET"]
[SourceTitle "CBM 219 Extra"]
[Source "ChessBase"]
[SourceDate "2024.05.31"]
[SourceVersion "1"]
[SourceVersionDate "2024.05.31"]
[SourceQuality "1"]

1. d4 c5 2. d5 Nf6 3. Nf3 a6 4. a4 g6 5. Nc3 Bg7 6. e4 d6 7. Be2 0-0 8. 0-0 Nbd7 9. Re1 Rb8 10. a5 b5 11. axb6 Rxb6 12. Nd2 Ne8 13. Nc4 Rb8 14. Na5 Bb7 15. Nxb7 Rxb7 16. Rxa6 Nc7 17. Ra1 Qb8 18. Na4 Rb4 19. Bf1 Qa8 20. c3 Rbb8 21. Nxc5 Nxc5 22. Rxa8 Rxa8 23. Qc2 Rfb8 24. b4 Na4 25. Bd2 Nb6 26. c4 Ra3 27. c5 Nc8 28. cxd6 Nb5 29. Bxb5 1-0

[Event "Swiss Queens Wed #4"]
[Site "FIDE Online Arena INT"]
[Date "2024.02.21"]
[Round "4"]
[White "Chuchukova, Stefani"]
[Black "Warsia, Khusbu"]
[Result "1-0"]
[WhiteElo "1805"]
[BlackElo "1736"]
[PlyCount "81"]
[EventDate "2024.02.21"]
[EventType "swiss (blitz)"]
[EventRounds "11"]
[EventCountry "NET"]
[SourceTitle "CBM 218 Extra"]
[Source "ChessBase"]
[SourceDate "2024.03.31"]
[SourceVersion "1"]
[SourceVersionDate "2024.03.31"]
[SourceQuality "1"]

1. c4 e5 2. Nc3 Nf6 3. g3 Bb4 4. Nd5 Nxd5 5. cxd5 0-0 6. a3 Be7 7. Bg2 d6 8. d4 Nd7 9. Nf3 e4 10. Nd2 f5 11. e3 Nf6 12. 0-0 Nxd5 13. Qb3 c6 14. f3 Qb6 15. Qa2 Be6 16. Nc4 Qb5 17. fxe4 fxe4 18. a4 Qb4 19. Bd2 Nc3 20. bxc3 Qxc4 21. Qxc4 Bxc4 22. Rxf8+ Rxf8 23. Bxe4 d5 24. Bg2 b6 25. a5 b5 26. e4 dxe4 27. Bxe4 Bd5 28. Bxd5+ cxd5 29. Rb1 a6 30. Bf4 Bf6 31. Re1 Rc8 32. Bd2 Kf7 33. Kf2 Rc4 34. Ra1 b4 35. Rc1 bxc3 36. Bxc3 Rxc3 37. Rxc3 Bxd4+ 38. Re3 Bc3 39. Rxc3 Ke6 40. Rc6+ Ke5 41. Rxa6 1-0